Statistics for How well do you know the unaminous MVP Stephen curry

Click here to take the quiz!

General Stats

  • This quiz has been taken 260 times
  • The average score is 10 of 16

Answer Stats

Stephen Curry Quiz Good luck Answer % Correct
What is his jersey number?30
98%
Age?28
85%
College?Davidson
83%
His team?Warriors
82%
Who is th other mmber of the splash brothers?Klay thompson
79%
Which Nba star joined his team this season? (16-17)Kevin durant
73%
What other sport is he gifted at?Golf
72%
What city was he born in?Akron
67%
What city was he born in?Ohio
65%
What is his biggest fearSnakes
65%
What was his team record last season? (15-16)73-9
64%
What is his middle name?Wardell
63%
What is his wife's name?Ayesha curry
63%
What was his first daughters? nameRiley curry
57%
What was is favorite player growing up?Muggsy bogues
33%
How many 3-pointers has he made this season? (16-17)437
1%

Score Distribution

Percentile by Number Answered

Percent of People with Each Score

Your Score History

You have not taken this quiz